[Event "Aeroflot Open B 2015"]
[Site "Moscú RUS"]
[Date "2015.03.30"]
[Round "4.39"]
[White "Zilbert, Oleg"]
[Black "Pratyusha, Bodda"]
[Result "1-0"]
[WhiteElo "2250"]
[BlackElo "2270"]
[PlyCount "59"]
[EventDate "2015.03.27"]
[EventType "swiss"]
[EventRounds "9"]
[EventCountry "RUS"]
[Source "lmi"]
[SourceDate "2015.03.27"]

1. e4 e5 2. Nf3 Nc6 3. Bb5 a6 4. Bxc6 dxc6 5. O-O f6 6. d4 exd4 7. Nxd4 c5 8.
Nb3 Qxd1 9. Rxd1 Bd7 10. Bf4 O-O-O 11. Nc3 Re8 12. Nd5 Rxe4 13. f3 Re2 14. Nxc7
Ne7 15. Na8 Ng6 16. Nb6+ Kd8 17. Rxd7+ Ke8 18. Bc7 c4 19. Kf1 Rxc2 20. Nd4 Rxb2
21. Nf5 Ne5 22. Re1 c3 23. Rd8+ Kf7 24. Na4 Rxa2 25. Nxc3 Rc2 26. Bxe5 fxe5 27.
Ne4 a5 28. Rb1 Rc7 29. Rb6 h6 30. Ned6+ 1-0

[Event "Aeroflot Open B 2015"]
[Site "Moscú RUS"]
[Date "2015.03.30"]
[Round "4.40"]
[White "Mamyrbay, Assad"]
[Black "Bayarmaa, Bayarjargal"]
[Result "1-0"]
[WhiteElo "2222"]
[BlackElo "2264"]
[PlyCount "83"]
[EventDate "2015.03.27"]
[EventType "swiss"]
[EventRounds "9"]
[EventCountry "RUS"]
[Source "lmi"]
[SourceDate "2015.03.27"]

1. e4 c5 2. Nf3 d6 3. d4 cxd4 4. Nxd4 Nf6 5. Nc3 a6 6. h3 e5 7. Nde2 Nbd7 8. g4
Nc5 9. Bg2 Be7 10. Ng3 O-O 11. g5 Ne8 12. h4 Nc7 13. Be3 b5 14. Nf5 b4 15.
Nxe7+ Qxe7 16. Nd5 Nxd5 17. exd5 Qc7 18. Qd2 Rb8 19. h5 Bf5 20. h6 g6 21. Rh4
Na4 22. b3 Nc3 23. Kf1 Qa5 24. Rc4 Rfc8 25. Rxc8+ Rxc8 26. Kg1 Qa3 27. Bf1 a5
28. Ba6 Ra8 29. Bd3 Qb2 30. Re1 Bg4 31. f4 Rc8 32. fxe5 Nxa2 33. exd6 Qe5 34.
Bf4 Qxd5 35. Qe3 Bd7 36. Bc4 Qf5 37. Qe5 Qxe5 38. Rxe5 Re8 39. Rxa5 Nc3 40. Ra7
Be6 41. Bxe6 fxe6 42. Rg7+ 1-0

[Event "Aeroflot Open B 2015"]
[Site "Moscú RUS"]
[Date "2015.03.31"]
[Round "5.1"]
[White "Neelotpal, Das"]
[Black "Sarana, Alexey"]
[Result "1/2-1/2"]
[WhiteElo "2446"]
[BlackElo "2419"]
[PlyCount "44"]
[EventDate "2015.03.27"]
[EventType "swiss"]
[EventRounds "9"]
[EventCountry "RUS"]
[Source "lmi"]
[SourceDate "2015.03.27"]

1. e4 c5 2. Nf3 d6 3. d4 cxd4 4. Nxd4 Nf6 5. Nc3 a6 6. Be2 e5 7. Nb3 Be7 8. O-O
O-O 9. Be3 Nc6 10. Qd2 Be6 11. Rad1 Rc8 12. f3 Na5 13. Nxa5 Qxa5 14. Nd5 Qd8
15. Bb6 Qe8 16. Nxe7+ Qxe7 17. Ba5 b5 18. Bd3 Rc6 19. Ra1 Nd7 20. a4 bxa4 21.
Rxa4 Nc5 22. Ra3 Rb8 1/2-1/2

[Event "Aeroflot Open B 2015"]
[Site "Moscú RUS"]
[Date "2015.03.31"]
[Round "5.2"]
[White "Kovalev, Vladislav"]
[Black "Lin, Chen"]
[Result "1/2-1/2"]
[WhiteElo "2531"]
[BlackElo "2448"]
[PlyCount "144"]
[EventDate "2015.03.27"]
[EventType "swiss"]
[EventRounds "9"]
[EventCountry "RUS"]
[Source "lmi"]
[SourceDate "2015.03.27"]

1. e4 e5 2. Nf3 Nc6 3. Bb5 Nf6 4. O-O Nxe4 5. d4 Be7 6. Re1 Nd6 7. dxe5 Nxb5 8.
a4 d6 9. axb5 Nxe5 10. Nxe5 dxe5 11. Qxd8+ Bxd8 12. Rxe5+ Be6 13. Nc3 O-O 14.
Bf4 Bf6 15. Rc5 Rfc8 16. Rxc7 Rxc7 17. Bxc7 Bxc3 18. bxc3 f6 19. f3 Rc8 20. Bd6
Rxc3 21. Rxa7 Bd5 22. Ra8+ Kf7 23. Rf8+ Kg6 24. Rd8 Be6 25. Rb8 Bd5 26. Rd8 Be6
27. Re8 Bc8 28. Re2 Bd7 29. Bf8 Rc8 30. Re7 Rxf8 31. Rxd7 Rc8 32. Kf2 Rxc2+ 33.
Kg3 b6 34. Rb7 Rb2 35. Rxb6 h5 36. h4 Kf5 37. Rb8 Kg6 38. b6 Kh7 39. Rb7 Kg6
40. Kh2 Rb4 41. Kh3 Rb3 42. Kg3 Rb2 43. Rb8 Kf5 44. b7 Kg6 45. Kf4 Rb4+ 46. Ke3
Rb1 47. Kd4 Kh7 48. Kd5 Rd1+ 49. Ke6 Re1+ 50. Kf7 Rb1 51. Kf8 Rb2 52. Ke7 Re2+
53. Kf7 Rb2 54. f4 Rb1 55. f5 Rb2 56. Ke6 Re2+ 57. Kd5 Rb2 58. Kc4 Rb1 59. Kc3
Rb6 60. Kd2 Rb2+ 61. Ke3 Rb3+ 62. Kf2 Rb2+ 63. Kg3 Rb1 64. Kh2 Rb3 65. g4 Rb2+
66. Kg3 Rb3+ 67. Kf2 Rb2+ 68. Kf3 Rb3+ 69. Ke2 Rb2+ 70. Ke3 Rb3+ 71. Kd2 hxg4
72. Ke2 Rb5 1/2-1/2

[Event "Aeroflot Open B 2015"]
[Site "Moscú RUS"]
[Date "2015.03.31"]
[Round "5.3"]
[White "Evdokimov, Alexander A"]
[Black "Harutyunian, Tigran K"]
[Result "1-0"]
[WhiteElo "2505"]
[BlackElo "2445"]
[PlyCount "79"]
[EventDate "2015.03.27"]
[EventType "swiss"]
[EventRounds "9"]
[EventCountry "RUS"]
[Source "lmi"]
[SourceDate "2015.03.27"]

1. d4 d5 2. c4 c6 3. Nf3 Nf6 4. e3 Bg4 5. h3 Bxf3 6. Qxf3 e6 7. Qd1 Nbd7 8. Be2
Bb4+ 9. Bd2 Bxd2+ 10. Nxd2 O-O 11. O-O Rc8 12. a3 Qe7 13. Rc1 Rfd8 14. Qb3 Rc7
15. Rfd1 Rdc8 16. Bf3 h6 17. Rc3 Nb6 18. Rdc1 g6 19. R3c2 Kg7 20. Qc3 c5 21.
dxc5 Nxc4 22. Nxc4 Rxc5 23. Qb4 Qc7 24. Rc3 dxc4 25. Qxb7 Qxb7 26. Bxb7 Rb8 27.
b4 cxb3 28. Rxc5 Rxb7 29. R5c4 a5 30. Rb1 Nd5 31. e4 Nf4 32. g3 Nd3 33. Rc3 Rd7
34. Rbxb3 Ne5 35. f4 Rd1+ 36. Kf2 a4 37. Rb7 Rd3 38. Rxd3 Nxd3+ 39. Ke3 Ne1 40.
Rb2 1-0

[Event "Aeroflot Open B 2015"]
[Site "Moscú RUS"]
[Date "2015.03.31"]
[Round "5.4"]
[White "Khusnutdinov, Rustam"]
[Black "Baghdasaryan, Vahe"]
[Result "1/2-1/2"]
[WhiteElo "2490"]
[BlackElo "2400"]
[PlyCount "45"]
[EventDate "2015.03.27"]
[EventType "swiss"]
[EventRounds "9"]
[EventCountry "RUS"]
[Source "lmi"]
[SourceDate "2015.03.27"]

1. e4 c5 2. Nf3 d6 3. Bb5+ Nd7 4. d4 cxd4 5. Qxd4 a6 6. Bxd7+ Bxd7 7. O-O Rc8
8. Nc3 Nf6 9. e5 dxe5 10. Nxe5 Bc6 11. Qxd8+ Rxd8 12. Nxc6 bxc6 13. Na4 e6 14.
Be3 Bd6 15. Bc5 Ke7 16. Rfd1 Ne4 17. Bxd6+ Rxd6 18. Rxd6 Nxd6 19. Nc5 Rb8 20.
b3 a5 21. a4 Nb7 22. Nd3 f6 23. Kf1 1/2-1/2

[Event "Aeroflot Open B 2015"]
[Site "Moscú RUS"]
[Date "2015.03.31"]
[Round "5.5"]
[White "Le, Tuan Minh"]
[Black "Kotanjian, Tigran"]
[Result "0-1"]
[WhiteElo "2393"]
[BlackElo "2482"]
[PlyCount "168"]
[EventDate "2015.03.27"]
[EventType "swiss"]
[EventRounds "9"]
[EventCountry "RUS"]
[Source "lmi"]
[SourceDate "2015.03.27"]

1. d4 g6 2. Nf3 Nf6 3. g3 Bg7 4. Bg2 c5 5. d5 d6 6. O-O b5 7. a4 b4 8. Re1 O-O
9. e4 Nbd7 10. Nbd2 Ba6 11. Rb1 Ng4 12. h3 Nge5 13. b3 Rc8 14. Nxe5 Nxe5 15. f4
Nd7 16. Bf1 Bxf1 17. Rxf1 Nb6 18. a5 Na8 19. Nc4 Nc7 20. Qd3 Nb5 21. Bd2 Qc7
22. e5 Na3 23. Nxa3 bxa3 24. Ra1 dxe5 25. Rxa3 c4 26. bxc4 e4 27. Qxe4 Qc5+ 28.
Re3 Bd4 29. c3 Bxe3+ 30. Bxe3 Qxa5 31. Bd4 Rxc4 32. Qxe7 Qxd5 33. Qf6 Rxd4 34.
Qxd4 Qa8 35. c4 a5 36. c5 a4 37. Rc1 Rd8 38. Qc3 Qc6 39. Re1 Rd5 40. Rc1 a3 41.
Ra1 a2 42. Qc2 Qe6 43. Rxa2 Qxh3 44. Ra8+ Kg7 45. Qc3+ Kh6 46. Ra1 Qf5 47. Kf2
f6 48. Rh1+ Kg7 49. Qb3 h5 50. c6 Qe4 51. Rd1 Rxd1 52. Qxd1 Qxc6 53. Qd8 Qe6
54. Qc7+ Qf7 55. Qc3 Qd7 56. Qc5 Qf7 57. Qc3 Qe7 58. Kg2 Kh7 59. Qc2 Kg7 60.
Qc3 Qe2+ 61. Kg1 h4 62. Qc7+ Kh6 63. gxh4 Qg4+ 64. Kf2 Qxh4+ 65. Kf3 Qh3+ 66.
Kf2 Qf5 67. Qd6 Kh5 68. Kg3 Qg4+ 69. Kf2 f5 70. Qd4 Qh4+ 71. Kg2 Qg4+ 72. Kf2
Qh4+ 73. Kg2 g5 74. Qd1+ g4 75. Qb3 Qe7 76. Qc3 Qd8 77. Kg3 Qa8 78. Qd3 Qe4 79.
Qb3 Qe1+ 80. Kg2 Kh4 81. Qb8 Qe2+ 82. Kg1 Qe3+ 83. Kg2 Qf3+ 84. Kg1 Kg3 0-1

[Event "Aeroflot Open B 2015"]
[Site "Moscú RUS"]
[Date "2015.03.31"]
[Round "5.6"]
[White "Gordievsky, Dmitry"]
[Black "Paravyan, David"]
[Result "1/2-1/2"]
[WhiteElo "2472"]
[BlackElo "2436"]
[PlyCount "86"]
[EventDate "2015.03.27"]
[EventType "swiss"]
[EventRounds "9"]
[EventCountry "RUS"]
[Source "lmi"]
[SourceDate "2015.03.27"]

1. d4 d5 2. c4 e6 3. Nf3 a6 4. cxd5 exd5 5. Nc3 c6 6. Qc2 Bd6 7. Bg5 Ne7 8. e3
f6 9. Bh4 Bf5 10. Qb3 Nd7 11. Bg3 Bxg3 12. hxg3 Qb6 13. Qxb6 Nxb6 14. Nh4 Be6
15. Bd3 Kf7 16. b3 a5 17. Kd2 g6 18. Rhb1 Nec8 19. Nf3 Nd6 20. Bc2 Nd7 21. Ne1
h5 22. Nd3 h4 23. gxh4 Rxh4 24. Nc5 f5 25. Ne2 g5 26. f3 Rh2 27. Rg1 b6 28.
Nxd7 Bxd7 29. Ke1 Ke7 30. Kf2 Rah8 31. Rae1 Kf6 32. Nc1 g4 33. fxg4 fxg4 34. e4
dxe4 35. Bxe4 R8h3 36. Re3 Rxe3 37. Kxe3 Nxe4 38. Kxe4 Kg5 39. Ke3 Bf5 40. Ne2
Rh8 41. Rc1 Re8+ 42. Kf2 Re6 43. Rc3 Rd6 1/2-1/2

[Event "Aeroflot Open B 2015"]
[Site "Moscú RUS"]
[Date "2015.03.31"]
[Round "5.7"]
[White "Abdulov, Orkhan"]
[Black "Yuffa, Daniil"]
[Result "1/2-1/2"]
[WhiteElo "2337"]
[BlackElo "2471"]
[PlyCount "115"]
[EventDate "2015.03.27"]
[EventType "swiss"]
[EventRounds "9"]
[EventCountry "RUS"]
[Source "lmi"]
[SourceDate "2015.03.27"]

1. e4 c6 2. d4 d5 3. Nc3 dxe4 4. Nxe4 Bf5 5. Ng3 Bg6 6. h4 h6 7. Nf3 Nd7 8. h5
Bh7 9. Bd3 Bxd3 10. Qxd3 e6 11. Bf4 Qa5+ 12. Bd2 Bb4 13. c3 Be7 14. c4 Qc7 15.
O-O-O Ngf6 16. Qe2 b5 17. cxb5 cxb5+ 18. Kb1 O-O 19. Ne5 Nxe5 20. dxe5 Nd5 21.
f4 Rac8 22. Rc1 Qb6 23. f5 Qd4 24. f6 Bb4 25. Bxb4 Nxb4 26. Ne4 Qd3+ 27. Qxd3
Nxd3 28. fxg7 Kxg7 29. Rxc8 Rxc8 30. Nd6 Rc5 31. Rd1 Nxe5 32. b4 Rc6 33. Nxb5
Rb6 34. Nxa7 Rxb4+ 35. Ka1 Kf6 36. Rb1 Rg4 37. Rb2 Nd3 38. Rd2 Rg3 39. Nb5 e5
40. Nd6 Re3 41. a4 Ke6 42. Nc4 Re1+ 43. Ka2 e4 44. a5 Rc1 45. Kb3 Kd5 46. Ne3+
Ke5 47. a6 Rb1+ 48. Kc4 Rb4+ 49. Kc3 Ra4 50. Ng4+ Kf4 51. Nxh6 Rxa6 52. Nxf7
Rf6 53. Rd1 Ke3 54. Ng5 Rc6+ 55. Kb3 Rc5 56. Nxe4 Kxe4 57. g4 Nf4 58. h6
1/2-1/2

[Event "Aeroflot Open B 2015"]
[Site "Moscú RUS"]
[Date "2015.03.31"]
[Round "5.8"]
[White "Munguntuul, Batkhuyag"]
[Black "Rozum, Ivan"]
[Result "0-1"]
[WhiteElo "2426"]
[BlackElo "2545"]
[PlyCount "124"]
[EventDate "2015.03.27"]
[EventType "swiss"]
[EventRounds "9"]
[EventCountry "RUS"]
[Source "lmi"]
[SourceDate "2015.03.27"]

1. d4 g6 2. e4 Bg7 3. Nc3 d6 4. Be3 Nf6 5. Nf3 O-O 6. Bd3 b6 7. h3 Bb7 8. O-O
Nbd7 9. Qd2 e5 10. dxe5 dxe5 11. Bg5 Qe7 12. Rfe1 Rfd8 13. Nd5 Qd6 14. Nxf6+
Bxf6 15. Bxf6 Qxf6 16. Bc4 Kg7 17. Qc3 Qe7 18. a4 a5 19. Bd5 c6 20. Bc4 f6 21.
Qb3 Qb4 22. Qa2 Qd6 23. Qb3 Qc7 24. Qe3 Nc5 25. b3 Rd6 26. Nh2 Rad8 27. Nf3 Bc8
28. Qc3 Be6 29. Rab1 Qf7 30. Bxe6 Qxe6 31. Ra1 Na6 32. Re2 Qd7 33. Qe3 c5 34.
Rae1 Nb4 35. Kh2 Qe6 36. Qc3 Qd7 37. Qc4 h5 38. Qc3 Kh7 39. Qc4 Kh6 40. Qc3 Kg7
41. Qc4 Nc6 42. Re3 Nd4 43. Rd3 Nxf3+ 44. Rxf3 Rd4 45. Qa6 Qc6 46. c3 R4d6 47.
Qc4 Qd7 48. Ree3 Rd1 49. Qa6 Qd6 50. h4 Qe6 51. Rg3 Qxb3 52. Qe2 Qb1 53. Rh3
R8d2 54. Qf3 c4 55. Re2 Rd3 56. Re3 Qc1 57. Qe2 R1d2 58. Qe1 Rd1 59. Qe2 Rxe3
60. Rxe3 Rh1+ 61. Kg3 Qg1 62. Qxc4 Rh2 0-1

[Event "Aeroflot Open B 2015"]
[Site "Moscú RUS"]
[Date "2015.03.31"]
[Round "5.9"]
[White "Glek, Igor"]
[Black "Bortnyk, Olexandr"]
[Result "0-1"]
[WhiteElo "2410"]
[BlackElo "2543"]
[PlyCount "108"]
[EventDate "2015.03.27"]
[EventType "swiss"]
[EventRounds "9"]
[EventCountry "RUS"]
[Source "lmi"]
[SourceDate "2015.03.27"]

1. f4 d5 2. Nf3 c5 3. d3 Nc6 4. g3 Nf6 5. Bg2 g6 6. O-O Bg7 7. Qe1 O-O 8. e4
dxe4 9. dxe4 e5 10. Nc3 Nd4 11. Rf2 Ng4 12. Rd2 f5 13. h3 exf4 14. gxf4 fxe4
15. Nxe4 Nh6 16. Nfg5 Nhf5 17. Nxc5 h6 18. Nge4 Nh4 19. Qf2 Nxg2 20. Kxg2 Qd5
21. c3 b6 22. Rxd4 Bxd4 23. Qxd4 Qxd4 24. cxd4 bxc5 25. Nxc5 Re8 26. Kf2 Bxh3
27. Be3 Bf5 28. Rd1 Rac8 29. b4 Red8 30. d5 Rd6 31. Rd2 Rb8 32. a3 h5 33. Kg3
Kf7 34. Kh4 Re8 35. Bf2 Bc8 36. Rd4 Red8 37. Ne4 Rxd5 38. Rxd5 Rxd5 39. Bxa7
Rd3 40. Bc5 Bd7 41. b5 Bxb5 42. Nd6+ Kg8 43. f5 Rd5 44. Bb4 Bd7 45. fxg6 Kg7
46. Bc3+ Kxg6 47. Nc4 Be8 48. Bb2 Rc5 49. Ne3 Ra5 50. Ng2 Ra4+ 51. Kh3 Bd7+ 52.
Kh2 h4 53. Bc1 Rc4 54. Bd2 Rc2 0-1

[Event "Aeroflot Open B 2015"]
[Site "Moscú RUS"]
[Date "2015.03.31"]
[Round "5.10"]
[White "Gorbatov, Alexej"]
[Black "Yudin, Sergei"]
[Result "0-1"]
[WhiteElo "2372"]
[BlackElo "2534"]
[PlyCount "42"]
[EventDate "2015.03.27"]
[EventType "swiss"]
[EventRounds "9"]
[EventCountry "RUS"]
[Source "lmi"]
[SourceDate "2015.03.27"]

1. e4 d6 2. d4 Nf6 3. Bd3 e5 4. Nf3 exd4 5. Nxd4 g6 6. O-O Bg7 7. c3 O-O 8. Bg5
Re8 9. Nd2 Nbd7 10. f4 h6 11. Bh4 a6 12. Bc2 c5 13. N4f3 b5 14. e5 dxe5 15.
fxe5 Nxe5 16. Nxe5 Rxe5 17. Ne4 Qxd1 18. Raxd1 Nxe4 19. Rd8+ Bf8 20. Rf4 Bb7
21. Rd7 Bc6 0-1

[Event "Aeroflot Open B 2015"]
[Site "Moscú RUS"]
[Date "2015.03.31"]
[Round "5.11"]
[White "Sivuk, Vitaly"]
[Black "Khanin, Semen"]
[Result "1/2-1/2"]
[WhiteElo "2527"]
[BlackElo "2408"]
[PlyCount "78"]
[EventDate "2015.03.27"]
[EventType "swiss"]
[EventRounds "9"]
[EventCountry "RUS"]
[Source "lmi"]
[SourceDate "2015.03.27"]

1. d4 Nf6 2. c4 g6 3. Nc3 Bg7 4. e4 d6 5. Nf3 O-O 6. Be2 Nbd7 7. O-O e5 8. d5
Nc5 9. Qc2 a5 10. Bg5 h6 11. Be3 b6 12. Nd2 Ng4 13. Bxg4 Bxg4 14. a3 Na6 15.
Rab1 Bd7 16. b4 axb4 17. axb4 f5 18. f3 f4 19. Bf2 g5 20. c5 bxc5 21. bxc5 dxc5
22. Qb3 Kh7 23. Qc4 h5 24. Ra1 Rf6 25. Ra5 Rg6 26. Rfa1 Bc8 27. Na4 g4 28. Nxc5
Qg5 29. Kf1 g3 30. h4 Qxh4 31. Bg1 Qh1 32. Ne6 h4 33. Rxa6 Rxa6 34. Rxa6 h3 35.
gxh3 Qxh3+ 36. Ke1 Qh1 37. Kf1 Qh3+ 38. Ke1 Qh1 39. Kf1 Qh3+ 1/2-1/2

[Event "Aeroflot Open B 2015"]
[Site "Moscú RUS"]
[Date "2015.03.31"]
[Round "5.12"]
[White "Danielian, Elina"]
[Black "Abdyjapar, Asyl"]
[Result "0-1"]
[WhiteElo "2488"]
[BlackElo "2400"]
[PlyCount "152"]
[EventDate "2015.03.27"]
[EventType "swiss"]
[EventRounds "9"]
[EventCountry "RUS"]
[Source "lmi"]
[SourceDate "2015.03.27"]

1. Nf3 Nf6 2. d4 e6 3. e3 b6 4. Bd3 Bb7 5. O-O c5 6. c4 Be7 7. Nc3 cxd4 8. exd4
d5 9. cxd5 Nxd5 10. Ne5 O-O 11. Qh5 Nf6 12. Qh3 Qxd4 13. Re1 Nc6 14. Nxc6 Bxc6
15. Bg5 h6 16. Rad1 Qc5 17. Bf4 Qh5 18. Qg3 Qg4 19. Qxg4 Nxg4 20. Ba6 Rad8 21.
a3 Nf6 22. Rc1 g5 23. Be5 Ng4 24. Bg3 Bd6 25. Ne2 Bd5 26. Bxd6 Rxd6 27. Rc7 Ra8
28. Rec1 Nf6 29. f3 Kf8 30. b4 Ne8 31. R7c3 Rb8 32. Nd4 Bb7 33. Bxb7 Rxb7 34.
Nc6 Rd5 35. h4 gxh4 36. Kh2 Nd6 37. a4 h5 38. b5 Nf5 39. Rc4 Rc7 40. Re1 Rd2
41. Rcc1 Ra2 42. Ra1 Rxa1 43. Rxa1 Ne7 44. Nxe7 Kxe7 45. a5 Rc5 46. axb6 axb6
47. Rb1 Kd6 48. Kh3 Kd5 49. Kxh4 Kc4 50. f4 Rxb5 51. Rc1+ Kd4 52. Rc6 Ke4 53.
g3 Rb3 54. Rc7 f6 55. Rf7 Rb1 56. Kxh5 Kf5 57. g4+ Kxf4 58. Kg6 Ke5 59. Re7 Rh1
60. Rb7 Rh4 61. Rxb6 Rxg4+ 62. Kf7 f5 63. Rxe6+ Kf4 64. Ra6 Kg5 65. Ke6 Re4+
66. Kd5 Re1 67. Kd4 f4 68. Ra8 f3 69. Rf8 Kg4 70. Kd3 Kg3 71. Rg8+ Kh2 72. Rf8
Kg2 73. Rg8+ Kf1 74. Rf8 f2 75. Rg8 Rd1+ 76. Ke3 Ke1 0-1

[Event "Aeroflot Open B 2015"]
[Site "Moscú RUS"]
[Date "2015.03.31"]
[Round "5.13"]
[White "Liu, Chang"]
[Black "Potapov, Pavel"]
[Result "0-1"]
[WhiteElo "2357"]
[BlackElo "2471"]
[PlyCount "128"]
[EventDate "2015.03.27"]
[EventType "swiss"]
[EventRounds "9"]
[EventCountry "RUS"]
[Source "lmi"]
[SourceDate "2015.03.27"]

1. c4 f5 2. g3 Nf6 3. Bg2 g6 4. Nf3 Bg7 5. Nc3 d6 6. d4 O-O 7. O-O c6 8. Bf4
Nh5 9. d5 Nxf4 10. gxf4 e5 11. dxc6 Nxc6 12. Qd2 e4 13. Ng5 Kh8 14. Rfd1 h6 15.
Nh3 Be6 16. Rac1 Nd4 17. b3 Bf7 18. Kh1 Qh4 19. Qe3 Ne6 20. Qg3 Qh5 21. Rxd6
Rad8 22. Rd5 Rxd5 23. cxd5 Nd4 24. Ng1 Rc8 25. d6 g5 26. d7 Rd8 27. e3 Nc6 28.
fxg5 hxg5 29. Nh3 Rxd7 30. Ng1 Be5 31. Qh3 Rd2 32. Nce2 Qxh3 33. Bxh3 g4 34.
Bf1 Rxa2 35. h3 Bxb3 36. hxg4 fxg4 37. Kg2 Be6 38. Ng3 Nb4 39. N1e2 Nd3 40. Rd1
Bb3 41. Rb1 Rb2 42. Rxb2 Bxb2 43. Nxe4 a5 44. Nd4 Ne1+ 45. Kg3 Bxd4 46. exd4 a4
47. Nc5 b6 48. Nxb3 axb3 49. Bc4 b2 50. Ba2 Nc2 51. Kxg4 Nxd4 52. Bb1 Kg7 53.
Kf4 Kf6 54. Ke4 Nb5 55. Bd3 Ke6 56. f4 Nc3+ 57. Kd4 b1=Q 58. Bxb1 Nxb1 59. f5+
Kd6 60. f6 Na3 61. f7 Ke7 62. Kd5 Kxf7 63. Kc6 b5 64. Kc5 Ke6 0-1

[Event "Aeroflot Open B 2015"]
[Site "Moscú RUS"]
[Date "2015.03.31"]
[Round "5.14"]
[White "Abhishek, Kelkar"]
[Black "Badmatsyrenov, Oleg"]
[Result "0-1"]
[WhiteElo "2343"]
[BlackElo "2468"]
[PlyCount "195"]
[EventDate "2015.03.27"]
[EventType "swiss"]
[EventRounds "9"]
[EventCountry "RUS"]
[Source "lmi"]
[SourceDate "2015.03.27"]

1. d4 Nf6 2. Nf3 c5 3. d5 e6 4. c4 d6 5. Nc3 exd5 6. cxd5 g6 7. Bf4 a6 8. a4
Bg7 9. h3 O-O 10. e3 Qe7 11. Be2 Nbd7 12. O-O Ne8 13. a5 Rb8 14. Qc2 b5 15.
axb6 Rxb6 16. Nd2 Ne5 17. Bxe5 Bxe5 18. Nc4 Rb4 19. Nxe5 Qxe5 20. Bxa6 Bd7 21.
Qd2 Nf6 22. f4 Qe7 23. Be2 Re8 24. Nd1 Bf5 25. Bf3 Qb7 26. Ra2 Bb1 27. Ra3 Be4
28. Bxe4 Nxe4 29. Qd3 c4 30. Qc2 Qxd5 31. Ra4 Rxa4 32. Qxa4 Re7 33. Qc2 Qe6 34.
Re1 d5 35. Nf2 Nc5 36. Qc3 h5 37. Kf1 Re8 38. Rd1 Na4 39. Qb4 Nb6 40. Re1 Nd7
41. Qc3 Nf6 42. Qd4 Qf5 43. Kg1 Ne4 44. Nxe4 Rxe4 45. Qc5 Qe6 46. Rd1 Rxe3 47.
Qxd5 Re1+ 48. Kh2 Rxd1 49. Qxd1 Qe3 50. Qd8+ Kg7 51. Qd6 Qe4 52. Qd2 Kf6 53.
Kg3 Ke6 54. Kf2 h4 55. g3 hxg3+ 56. Kxg3 Qd5 57. Qe2+ Kd6 58. Qe3 Kc6 59. Kf2
Kb5 60. Ke1 Kb4 61. Qa3+ Kb5 62. Qe3 Kc6 63. Qe8+ Kc5 64. Qe3+ Kd6 65. Qb6+ Ke7
66. Kf2 Kd7 67. Qf6 Qe6 68. Qc3 Kd6 69. Qd4+ Kc6 70. Kg3 Qd5 71. Qe3 Kd6 72.
Kf2 Qc5 73. Qxc5+ Kxc5 74. f5 g5 75. f6 Kd4 76. Ke2 Ke5 77. Ke3 Kxf6 78. Kd4
Kf5 79. Kxc4 Ke4 80. Kc3 f5 81. Kd2 Kf3 82. b4 Kg2 83. b5 f4 84. b6 f3 85. b7
f2 86. b8=Q f1=Q 87. Qc8 Qf2+ 88. Kd1 Qf3+ 89. Ke1 Qe3+ 90. Kd1 Qxh3 91. Qc2+
Kh1 92. Qc6+ Qg2 93. Qh6+ Kg1 94. Qg7 Qf3+ 95. Ke1 Qe4+ 96. Kd1 g4 97. Qa7+ Kg2
98. Kc1 0-1

[Event "Aeroflot Open B 2015"]
[Site "Moscú RUS"]
[Date "2015.03.31"]
[Round "5.15"]
[White "Lomasov, Semen"]
[Black "Yilmazyerli, Mert"]
[Result "1/2-1/2"]
[WhiteElo "2335"]
[BlackElo "2464"]
[PlyCount "68"]
[EventDate "2015.03.27"]
[EventType "swiss"]
[EventRounds "9"]
[EventCountry "RUS"]
[Source "lmi"]
[SourceDate "2015.03.27"]

1. d4 g6 2. e4 Bg7 3. Nc3 d6 4. g3 Nc6 5. Nge2 Bg4 6. Qd3 Nf6 7. h3 Bd7 8. Bg2
O-O 9. O-O e5 10. d5 Nb4 11. Qd1 c6 12. dxc6 Bxc6 13. Be3 Qe7 14. Qd2 Rfd8 15.
Nd5 Nbxd5 16. exd5 Bb5 17. Rfc1 Rdc8 18. b3 Bxe2 19. Qxe2 e4 20. Bd4 Re8 21.
Re1 Nxd5 22. Bxg7 Kxg7 23. Qxe4 Qxe4 24. Bxe4 Nb4 25. a3 Nc6 26. Rad1 Kf8 27.
Kf1 Rad8 28. Bd5 Rxe1+ 29. Kxe1 Ke7 30. f4 Rc8 31. Rd3 Nd8 32. Kd2 Kd7 33. h4
b6 34. b4 Ne6 1/2-1/2

[Event "Aeroflot Open B 2015"]
[Site "Moscú RUS"]
[Date "2015.03.31"]
[Round "5.16"]
[White "Kathmale, Sameer"]
[Black "Utegaliyev, Azamat"]
[Result "1/2-1/2"]
[WhiteElo "2322"]
[BlackElo "2431"]
[PlyCount "55"]
[EventDate "2015.03.27"]
[EventType "swiss"]
[EventRounds "9"]
[EventCountry "RUS"]
[Source "lmi"]
[SourceDate "2015.03.27"]

1. e4 d5 2. exd5 Qxd5 3. Nf3 Nf6 4. d4 Bg4 5. Be2 e6 6. c4 Qd8 7. Qb3 Qc8 8. h3
Bh5 9. Nc3 Nbd7 10. O-O Be7 11. Bf4 O-O 12. Rfe1 a6 13. Ne5 Bxe2 14. Rxe2 Rd8
15. Rae1 Nxe5 16. Bxe5 Nd7 17. d5 Nxe5 18. Rxe5 Bd6 19. R5e2 e5 20. Ne4 b6 21.
f4 exf4 22. Nxd6 cxd6 23. Qxb6 h6 24. Qd4 Qf5 25. Rf1 g5 26. g4 Qd7 27. Rfe1
Re8 28. Kf2 1/2-1/2

[Event "Aeroflot Open B 2015"]
[Site "Moscú RUS"]
[Date "2015.03.31"]
[Round "5.17"]
[White "Petrosyan, Manuel"]
[Black "Pasiev, Rakhim"]
[Result "1-0"]
[WhiteElo "2427"]
[BlackElo "2400"]
[PlyCount "111"]
[EventDate "2015.03.27"]
[EventType "swiss"]
[EventRounds "9"]
[EventCountry "RUS"]
[Source "lmi"]
[SourceDate "2015.03.27"]

1. Nf3 d5 2. g3 Bg4 3. Bg2 c6 4. O-O Nd7 5. d3 Ngf6 6. Qe1 e6 7. e4 Bxf3 8.
Bxf3 Bd6 9. Bg2 O-O 10. Qe2 a5 11. Nd2 a4 12. a3 Re8 13. Nf3 Qc7 14. Bg5 dxe4
15. dxe4 e5 16. Rad1 h6 17. Bc1 Nc5 18. Nh4 Ne6 19. Nf5 Bf8 20. Qf3 Nd7 21. h4
b5 22. Be3 Nb6 23. Bxb6 Qxb6 24. Rd7 Nd8 25. c3 Ra7 26. Rfd1 Rxd7 27. Rxd7 Qc5
28. Qd3 Ne6 29. Bh3 g6 30. Nd6 Bxd6 31. Qxd6 Qxd6 32. Rxd6 Nc5 33. Rxc6 Nxe4
34. Bg2 Nd2 35. Rb6 e4 36. Rxb5 Rd8 37. g4 Kg7 38. Kh2 Rd3 39. g5 Nf3+ 40. Bxf3
Rxf3 41. Kg2 Rf4 42. Rb4 Rxh4 43. gxh6+ Kxh6 44. Rxa4 Kg5 45. b4 Kf4 46. b5
Rg4+ 47. Kf1 Kf3 48. b6 Rh4 49. Ke1 Rh1+ 50. Kd2 Rh8 51. Rb4 Rb8 52. Ke1 f5 53.
b7 f4 54. Rb6 e3 55. fxe3 fxe3 56. a4 1-0

[Event "Aeroflot Open B 2015"]
[Site "Moscú RUS"]
[Date "2015.03.31"]
[Round "5.18"]
[White "Kashlinskaya, Alina"]
[Black "Kryakvin, Dmitry"]
[Result "0-1"]
[WhiteElo "2436"]
[BlackElo "2544"]
[PlyCount "134"]
[EventDate "2015.03.27"]
[EventType "swiss"]
[EventRounds "9"]
[EventCountry "RUS"]
[Source "lmi"]
[SourceDate "2015.03.27"]

1. d4 e6 2. c4 Bb4+ 3. Nd2 b6 4. a3 Bxd2+ 5. Bxd2 Bb7 6. Qc2 Nf6 7. Bg5 d6 8.
e3 Nbd7 9. Ne2 h6 10. Bh4 g5 11. Bg3 Nh5 12. Nc3 Qe7 13. Nb5 Nxg3 14. hxg3 Nf6
15. c5 dxc5 16. dxc5 Be4 17. Qc3 Kf8 18. Nxc7 Rc8 19. cxb6 axb6 20. Rc1 Bb7 21.
Qe5 Kg7 22. f4 Kg8 23. Be2 Nd7 24. Qb5 Nc5 25. b4 Nb3 26. Rc3 Rxc7 27. Rxb3
Rc1+ 28. Bd1 Bxg2 29. Rh2 Bd5 30. Rd3 Qc7 31. Rdd2 Bf3 32. Qd3 Kg7 33. Qd4+ e5
34. fxe5 Rxd1+ 35. Rxd1 Bxd1 36. e6+ f6 37. Rf2 Qe7 38. Qxd1 Qxe6 39. Qd4 Re8
40. Kf1 Re7 41. Kg1 b5 42. Kg2 h5 43. Rf1 Qc6+ 44. Kg1 Re5 45. Qa7+ Kg6 46. Qd4
Qe6 47. Kg2 Qc6+ 48. Kg1 Qe6 49. Kg2 Qe7 50. Qb6 Rd5 51. Qc6 Qe4+ 52. Kg1 Qxe3+
53. Kh1 Qe4+ 54. Kg1 Qd4+ 55. Kh1 Rd8 56. Qxb5 Qe4+ 57. Kg1 Rd2 58. Rf2 Rd1+
59. Rf1 Qe3+ 60. Kh1 Qf3+ 61. Kg1 Qxg3+ 62. Kh1 Qf3+ 63. Kg1 Qe3+ 64. Kh1 Qe4+
65. Kg1 Rd2 66. Rf2 Qg4+ 67. Kh1 Qh4+ 0-1